00439nam a2200121Ia 4500008004100000100002200041245008200063245005800145260000900203300003800212440004900250650001800299171207s9999 xx 000 0 und d aClarke, Philip B. a Actors in the Classroom: The Dramatic Pedagogy Model of Counselor Education  cPhilip B. Clarke, Erin E. Binkley & Sharon M. Andrews c2017 apages 129-145, January-March 2017 aJournal of Creativity in Mental Healthv12:1 aMENTAL HEALTH